[Event "Dhaka IRT U2000"]
[Site "Dhaka"]
[Date "2018.02.22"]
[Round "9"]
[White "Husain, Ejaz"]
[Black "Shohal, Rana"]
[Result "1-0"]
[WhiteElo "1995"]
[BlackElo "1785"]
[PlyCount "63"]
[EventDate "2018.02.14"]
[EventType "swiss"]
[EventRounds "9"]
[EventCountry "BAN"]
[SourceTitle "EXT 2024"]
[Source "ChessBase"]
[SourceDate "2023.10.10"]
[SourceVersion "1"]
[SourceVersionDate "2023.10.10"]
[SourceQuality "1"]

1. e4 e5 2. Nf3 Nc6 3. Bb5 d6 4. d4 exd4 5. Nxd4 Bd7 6. Bxc6 bxc6 7. 0-0 g6 8. Nc3 Bg7 9. Be3 Ne7 10. Qd2 c5 11. Nde2 0-0 12. Bh6 Bh8 13. Bxf8 Qxf8 14. Nf4 Qh6 15. Rad1 Be5 16. g3 Nc6 17. Nd3 Qxd2 18. Rxd2 Bg7 19. Kg2 Nd4 20. Nd5 c6 21. Ne3 Bf8 22. c3 Ne6 23. Ne5 Bc8 24. N5c4 Ng5 25. f3 Bh3+ 26. Kf2 Bxf1 27. Nxf1 Rd8 28. Na5 Rc8 29. Ne3 Ne6 30. Nec4 Rd8 31. Nb7 Rb8 32. Nbxd6 1-0

[Event "Dhaka IRT U2000"]
[Site "Dhaka"]
[Date "2018.02.16"]
[Round "3"]
[White "Md, Nasim Hossain Bhuiy"]
[Black "Shohal, Rana"]
[Result "1-0"]
[WhiteElo "1958"]
[BlackElo "1785"]
[PlyCount "53"]
[EventDate "2018.02.14"]
[EventType "swiss"]
[EventRounds "9"]
[EventCountry "BAN"]
[SourceTitle "EXT 2024"]
[Source "ChessBase"]
[SourceDate "2023.10.10"]
[SourceVersion "1"]
[SourceVersionDate "2023.10.10"]
[SourceQuality "1"]

1. d4 d5 2. Nf3 g6 3. g3 Bg7 4. Bg2 Nf6 5. 0-0 b6 6. b3 Bb7 7. Bb2 0-0 8. Nbd2 Nbd7 9. c4 c6 10. Rc1 e6 11. Re1 a5 12. a4 Nb8 13. Ne5 Na6 14. cxd5 cxd5 15. Ba3 Re8 16. e3 Rc8 17. Qe2 Nb4 18. Bxb4 axb4 19. Qb5 Qd6 20. Nec4 dxc4 21. Bxb7 c3 22. Nc4 Rxc4 23. Qxc4 Rd8 24. Bg2 Nd5 25. e4 Nc7 26. e5 Qe7 27. Qc6 1-0